000
00295nam a2200097Ia 4500
008
220204s9999 xx 000 0 und d
082
_a
678.4:62:678.061
_b
LAT
245
0
_a
International Latex Conference 20-21 July 2004, Hilton, Akron
260
_a
Akron
_b
Rubber & Plastics News
_c
2004
942
_c
BK
999
_c
44128
_d
44128